[Event "Tambov Pavlyutin Memorial 8th"]
[Site "Tambov"]
[Date "2018.05.26"]
[Round "8"]
[White "Gaglazov, Mikhail"]
[Black "Sychev, Vitaly"]
[Result "0-1"]
[WhiteElo "1702"]
[BlackElo "2002"]
[PlyCount "100"]
[EventDate "2018.05.23"]
[EventType "tourn"]
[EventRounds "9"]
[EventCountry "RUS"]
[SourceTitle "CBM 184 Extra"]
[Source "ChessBase"]
[SourceDate "2018.06.28"]
[SourceVersion "1"]
[SourceVersionDate "2018.06.28"]
[SourceQuality "1"]

1. e4 c6 2. c4 d5 3. exd5 cxd5 4. cxd5 Nf6 5. Nc3 Nxd5 6. Bc4 Nb6 7. Bb5+ Bd7 8. Bxd7+ Qxd7 9. d4 Nc6 10. Nf3 Rd8 11. Be3 g6 12. Qd2 Bg7 13. Rd1 Nd5 14. 0-0 Nxc3 15. bxc3 Qd5 16. Rfe1 0-0 17. Bh6 Rfe8 18. Bxg7 Kxg7 19. Ne5 h5 20. Nxc6 Qxc6 21. Re5 Rc8 22. Rc5 Qd6 23. Rxc8 Rxc8 24. h3 Qc6 25. Rc1 Qc4 26. Qb2 b5 27. Re1 Qxc3 28. Qxc3 Rxc3 29. Rxe7 Ra3 30. Re2 b4 31. Rd2 Kf8 32. Kf1 Ke7 33. Ke2 Kd6 34. Kd1 Rc3 35. Ke2 a5 36. f3 h4 37. Kf2 Kd5 38. Ke2 f5 39. Kf2 f4 40. Ke2 g5 41. Kf2 Rc4 42. Re2 Rxd4 43. Ke1 Rd3 44. Rc2 Rc3 45. Rd2+ Kc4 46. Rd8 Rc2 47. Rc8+ Kd3 48. Rd8+ Kc3 49. Rc8+ Kb2 50. Ra8 Rc5 0-1

[Event "Tambov Region-ch"]
[Site "Tambov"]
[Date "2018.02.21"]
[Round "5"]
[White "Gaglazov, Mikhail"]
[Black "Bryunin, Elisei"]
[Result "1/2-1/2"]
[WhiteElo "1764"]
[BlackElo "1014"]
[PlyCount "32"]
[EventDate "2018.02.21"]
[EventType "swiss"]
[EventRounds "9"]
[EventCountry "RUS"]
[SourceTitle "CBM 183 Extra"]
[Source "ChessBase"]
[SourceDate "2018.04.19"]
[SourceVersion "1"]
[SourceVersionDate "2018.04.19"]
[SourceQuality "1"]

1. e4 e6 2. d4 d5 3. Nc3 c5 4. exd5 exd5 5. dxc5 d4 6. Bb5+ Nc6 7. Nce2 Qa5+ 8. c3 Qxb5 9. cxd4 Qb4+ 10. Bd2 Qc4 11. b3 Qd5 12. Nf3 Bg4 13. Nc3 Qe6+ 14. Be3 Bxf3 15. gxf3 Qf6 16. Ne4 Qg6 1/2-1/2

[Event "Tambov Region-ch 1st League"]
[Site "Tambov"]
[Date "2017.10.28"]
[Round "8"]
[White "Gaglazov, Mikhail"]
[Black "Gorelov, Viktor N"]
[Result "0-1"]
[WhiteElo "1648"]
[BlackElo "1827"]
[PlyCount "51"]
[EventDate "2017.10.25"]
[EventType "tourn"]
[EventRounds "9"]
[EventCountry "RUS"]
[SourceTitle "CBM 181 Extra"]
[Source "ChessBase"]
[SourceDate "2017.12.12"]
[SourceVersion "1"]
[SourceVersionDate "2017.12.12"]
[SourceQuality "1"]

1. e4 c6 2. d4 d5 3. Nc3 e6 4. Nf3 Nd7 5. Bd3 dxe4 6. Nxe4 Ngf6 7. Nxf6+ Nxf6 8. 0-0 Be7 9. c3 0-0 10. Qc2 h6 11. Bf4 b6 12. Ne5 Bb7 13. Rad1 Qc8 14. Qe2 Rd8 15. Bc4 Nd5 16. Bxd5 cxd5 17. Qg4 f5 18. Qg6 Rf8 19. Bxh6 Bf6 20. Bf4 Qe8 21. Rd3 Ba6 22. c4 Bxe5 23. Qxe8 Rfxe8 24. Bxe5 Bxc4 25. Rg3 Bxf1 26. Kxf1 0-1